| 000 | 01467nam a22004457a 4500 | ||
|---|---|---|---|
| 001 | 0033896 | ||
| 003 | KOHA_MİRAKIL | ||
| 005 | 20260207002905.0 | ||
| 007 | ta | ||
| 008 | 111125b2000 tu a|||gr||||#||||0|tur | | ||
| 020 | _a9755911073 | ||
| 040 |
_aTR-BiSEU _btur _cTR-BiSEU _erda |
||
| 041 | 0 | _atur | |
| 044 | _ctu | ||
| 050 |
_aLB1028.35 _b.Y35 2000 |
||
| 100 | 1 | _aYalın, Halil İbrahim. | |
| 245 | 1 |
_aÖğretim teknolojileri : _bmateryal gelişirme/ _cHalil İbrahim Yalın ; Halil İbrahim Yalın. |
|
| 250 | _a 8. bsk. | ||
| 264 | 1 |
_aAnkara : _bNobel Yayın Dağıtım _c2000 |
|
| 300 |
_a233 sayfa : _bgrf. şkl. tbl. ; _c24 cm. |
||
| 336 |
_ametin _btxt _2rdacontent |
||
| 337 |
_aaracısız _bn _2rdamedia |
||
| 338 |
_acilt _bnc _2rdacarrier |
||
| 490 | 1 |
_a Nobel ; _vyayın no: 129. |
|
| 490 | 1 |
_aEğitim dizisi ; _v20 |
|
| 500 | _aDizin var. | ||
| 500 | _aKaynakça var. | ||
| 650 | 0 |
_aEducational technology. _918546 |
|
| 650 | 0 |
_aComputer--Assisted instruction. _91501 |
|
| 650 | 0 |
_aTeaching--Aids and devices. _92966 |
|
| 650 | 0 |
_aAudio--Visual education. _965664 |
|
| 650 | 0 |
_aInstructional systems--Design. _931213 |
|
| 650 | 0 |
_aEğitim teknolojisi. _92964 |
|
| 650 | 0 |
_aBilgisayar destekli öğretim. _91500 |
|
| 650 | 0 |
_aÖğretim--Materyaller ve aletler. _965665 |
|
| 650 | 0 |
_aGörsel işitsel eğitim. _965666 |
|
| 830 | 1 |
_a Nobel ; _vyayın no: 129. _962489 |
|
| 830 | 1 |
_aEğitim dizisi ; _v20 _94002 |
|
| 942 |
_2lcc _cBK |
||
| 999 |
_c33896 _d33896 |
||